Educación popular : texto de referencia y consulta /
Guardado en:
| Autor Principal: | |
|---|---|
| Formato: | Libro |
| Publicado: |
Madrid :
Centro de Investigación, Capacitación y Acción Pedagógica (cicap). Facultad Regional Multidisciplinaria (farem),
2008
|
| Series: | Cuadernos del Desarrollo Comunitario ; No. 3.
|
| Materias: | |
| Etiquetas: |
Agregar Etiqueta
Sin Etiquetas, Sea el primero en etiquetar este registro!
|
| LEADER | 00728nam a22002055a 4500 | ||
|---|---|---|---|
| 001 | CEM.cems014012 | ||
| 008 | 130507s2008##################000#0#####d | ||
| 005 | 20210705173215.0 | ||
| 003 | CEMS | ||
| 245 | 1 | 0 | |a Educación popular : |b texto de referencia y consulta / |c Herman Van de Velde |
| 260 | |a Madrid : |b Centro de Investigación, Capacitación y Acción Pedagógica (cicap). Facultad Regional Multidisciplinaria (farem), |c 2008 | ||
| 300 | |a 160 p. | ||
| 490 | 0 | |a Cuadernos del Desarrollo Comunitario ; No. 3. | |
| 590 | |a 1125.013 | ||
| 020 | |a 9789992407783 | ||
| 100 | 1 | |a Van de Velde, Herman | |
| 653 | |a Educación | ||
| 653 | |a Educación popular | ||
| 653 | |a Biblioteca TC | ||
| 859 | |a CEMS |b BIB. CEMS - 11 de abril |h TC |p 1125.013 |t Ej.1 | ||
